000 00504nam a2200157Ia 4500
008 190805s9999||||xx |||||||||||||| ||und||
020 _a9780143064268
_cRs. 350.00
082 0 4 _a658.421
_bB1462
100 1 _aBagchi, Subroto
245 1 4 _aThe High Performance Entrepreneur : golden rules for success in today's world /
_cBagchi, Subroto
260 _aHaryana :
_bPenguin,
_c2008
300 _ax, 244 p.
_b :
_c; 20 cm.
650 0 _aEntrepreneurship
_vTextbooks
942 _cBK
999 _c360
_d360